000 00313nam a22001337a 4500
008 181203b xxu||||| |||| 00| 0 eng d
020 _a9780136112457
041 _aeng
080 _a336.2
100 _a55
101 _aTAK
245 _aPrentice Halls Federal Taxation 2010
_cPoope.th.R
942 _2udc
_cBK
999 _c52723
_d52723